000 00592nam a2200229 i 4500
001 C2-0168638
003 PPAK
005 20180728091143.0
008 980718s1984 enka|||| ||||| | eng d
020 _a0600500179
040 _aPPAK
_beng
_cPPAK
_erda
082 0 4 _a796.342
_2 23
090 0 0 _a796.342
_bJON
_dR
100 1 _aJones, Clarence,
_eauthor
245 1 0 _aTennis
264 1 _aLondon :
_bHamlyn ,
_c1984
300 _a83 pages :
_billustrations ;
_c24 cm
336 _2rdacontent
_atext
337 _2rdamedia
_aunmediated
338 _2rdacarrier
_avolume
942 _ddc
_cB
999 _c152772
_d152772